000 00416nam a2200133Ia 4500
008 191206s9999 xx 000 0 und d
090 _aPR1134B7
245 0 _aEighteenth Century Poetry & Prose
250 _a3d ed.
260 _aRonald Press Co.
260 _cc[1973]
300 _a"xxvii, 1493 p. 25 cm."
999 _c15870
_d15870